Effectif Manchester City (2023-2024) - Statistiques

Statistiques générales
  • Ce quiz a été pris 152 fois
    46 depuis la dernière actualisation
  • Le résultat moyen est 17 sur 22
Statistiques - réponses
Poste Nationalité Joueur % Correct
Attaquant Norvège Erling Haaland
100%
Gardien Brésil Ederson
97%
Défenseur Croatie Josko Gvardiol
94%
Attaquant Argentine Julián Álvarez
94%
Milieu Belgique Kevin De Bruyne
91%
Défenseur Pays-Bas Nathan Aké
91%
Défenseur Suisse Manuel Akanji
88%
Milieu Espagne Rodri
88%
Défenseur Portugal Rúben Dias
88%
Milieu Portugal Bernardo Silva
85%
Défenseur Angleterre John Stones
85%
Milieu Croatie Matteo Kovacic
82%
Attaquant Angleterre Phil Foden
82%
Attaquant Belgique Jérémy Doku
79%
Défenseur Angleterre Kyle Walker
79%
Attaquant Angleterre Jack Grealish
74%
Gardien Allemagne Stefan Ortega
74%
Défenseur Angleterre Rico Lewis
62%
Attaquant Norvège Oscar Bobb
53%
Milieu Portugal Matheus Nunes
50%
Défenseur Espagne Sergio Gómez
35%
Milieu Angleterre Kalvin Philipps
12%
Aucun quiz correspondant
Distribution des résultats
% des personnes avec chaque résultat
Percentile par nombre de réponses
Votre historique - résultats
Vous n’avez pas pris ce quiz depuis la dernière actualisation